Logo BPK

Biblioteka

Politechniki Koszalińskiej

50 lat z Zespołem Pieśni i Tańca Politechniki Warszawskiej / (Rekord nr 51340)

Szczegóły MARC
000 -ETYKIETA REKORDU
podpole kontrolne o stałej długości 00844nam a2200241 i 4500
001 - NUMER KONTROLNY REKORDU
pole kontrolne bg
020 ## - MIĘDZYNARODOWY ZNORMALIZOWANY NUMER KSIĄŻKI - ISBN
ISBN 8372072760
040 ## - ŹRÓDŁO KATALOGOWANIA
Instytucja, która utworzyła rekord BPK
041 0# - KOD JĘZYKA
Kod języka tekstu pol
080 ## - UNIWERSALNA KLASYFIKACJA DZIESIĘTNA - UKD
UKD 793.3.031.4:378.662](438)"1944/..."(082.1)
920 ## - Międzynarodowy znormalizowany numer książki – ISBN
ISBN 83-7207-276-0
008 - POLE O STAŁEJ DŁUGOŚCI - DANE KONTROLNE
podpole kontrolne o stałej długości s pl f |000 0 pol
100 1# - NAZWA OSOBOWA
Nazwa osobowa CZUPRATOWSKA-SEMCZUK, Maria
245 10 - TYTUŁ/ODPOWIEDZIALNOŚĆ
Tytuł 50 lat z Zespołem Pieśni i Tańca Politechniki Warszawskiej /
Pozostałe elementy strefy tytułu i oznaczenia odpowiedzialności Maria Czupratowska-Semczuk.
260 ## - STREFA ADRESU WYDAWNICZEGO
Miejsce wydania Warszawa :
Nazwa wydawcy/dystrybutora Oficyna Wydawnicza Politechniki Warszawskiej,
Data publikacji, dystrybucji/powstania dokumentu 2001.
300 ## - STREFA OPISU FIZYCZNEGO
Objętość 216 s. :
Inne cechy fizyczne faks., fot. ;
Rozmiary 30 cm.
610 29 - HASŁO PRZEDMIOTOWE W FORMIE NAZWY CIAŁA ZBIOROWEGO
Nazwa ciała zbiorowego lub nazwa geograficzna Zespół Pieśni i Tańca Politechniki Warszawskiej
610 29 - HASŁO PRZEDMIOTOWE W FORMIE NAZWY CIAŁA ZBIOROWEGO
Nazwa ciała zbiorowego lub nazwa geograficzna Politechnika Warszawska
650 #9 - HASŁO PRZEDMIOTOWE W FORMIE NAZWY OGÓLNEJ LUB JEDNOSTKOWEJ
Nazwa ogólna lub geograficzna Zespoły pieśni i tańca
Określnik geograficzny Polska
Określnik chronologiczny od 1944 r.
651 #9 - HASŁO PRZEDMIOTOWE W FORMIE NAZWY GEOGRAFICZNEJ
Nazwa geograficzna Warszawa
Określnik ogólny szkolnictwo wyższe
Określnik chronologiczny od 1944 r.
655 ## - TERMIN INDEKSOWY - OKREŚLENIE RODZAJU/FORMY DOKUMENTU
Określenie rodzaju/formy dokumentu Księgi pamiątkowe
856 ## - LOKALIZACJA I DOSTĘP DO ELEKTRONICZNYCH DOKUMENTÓW ZDALNYCH
Link (URL) http://koha.tu.koszalin.pl/cgi-bin/koha/opac-detail.pl?biblionumber=51340
Tekst linku Katalog online BPK
942 ## - DODATKOWE ELEMENTY (KOHA)
Typ dokumentu Książka
Egzemplarze
Wycofany Status egzemplarza Uszkodzony Dostępność Lokalizacja stała Lokalizacja bieżąca Miejsce przechowywania Sygnatura Kod kreskowy Dział Typ dokumentu
      Tylko na miejscu Biblioteka Politechniki Koszalińskiej Biblioteka Politechniki Koszalińskiej Czytelnia BG 77980 02307770 378 Szkolnictwo wyższe Książka
© 2023 Biblioteka Politechniki Koszalińskiej :: KOHA